| 000 | 01749nam a2200253Ia 4500 | ||
|---|---|---|---|
| 003 | Ost | ||
| 005 | 20260507074842.0 | ||
| 008 | 260507s9999||||xx |||||||||||||| ||und|| | ||
| 020 | _a9789957069681 | ||
| 040 | _cfsecg | ||
| 041 | _aara | ||
| 082 | _a302.2 | ||
| 100 |
_aالمزاهرة، منال هلال _eمؤلف |
||
| 245 | 0 |
_aتكنولوجيا الإتصال والمعلومات / _c منال هلال المزاهرة |
|
| 246 | _ainformation communication technologies | ||
| 260 |
_aعمان : _bدار المسيرة للنشر والتوزيع, _c2014 |
||
| 300 |
_a448 صفحة؛ _bإيضاحات ؛ _c25 سم |
||
| 504 | _aببليوغرافيا: ص.429-448 | ||
| 520 | _aيضم الإتصال والمعلومات تعريفاتها ونظرياتها، تكنولوجيا الإتصال والمعلومات في القرن العشرين، تكنولوجيا التلكس والتلتيكس والفيديوتكس والأقراص الأسطوانية، تكنولوجيا الألياف الضوئية، تكنولوجيا الميكروويف والطيف الكهرومغناطيسي، تطورات تكنولوجيا الإتصال والمعلومات، تكنولوجيا التلفزيون الكابلي والبث المباشر، تكنولوجيا التصوير الرقمي، وسائل الإتصال الحديثة، تكنولوجيا الصحافة الإلكترونية، جرائم تكنولوجيا الإتصال والمعلومات، آثار تكنولوجيا الإتصال والمعلومات الحديثة. | ||
| 653 | _aالإتصال | ||
| 653 | _aالمعلومات- تكنولوجيا | ||
| 653 | _aنظم المعلومات- المؤسسة الممتدة | ||
| 942 | _cكتاب | ||
| 999 |
_c41523 _d41523 |
||